Statistics for 2017 NHL Entry Draft 1st Round Selections

Click here to take the quiz!

General Stats

  • This quiz has been taken 1,021 times
  • The average score is 13 of 31

Answer Stats

PositionPlayerJunior TeamNHL Team% Correct
CNico HischierHalifax MooseheadsNJ Devils
94%
CNolan PatrickBrandon Wheat KingsPhiladelphia Flyers
91%
DCale MakarBrooks BanditsColorado Avalanche
84%
DMiro HeiskanenHIFKDallas Stars
82%
CElias PetterssonTimra IKVancouver Canucks
77%
CCody GlassPortland WinterhawksVegas Golden Knights
71%
CNick SuzukiOwen Sound AttackVegas Golden Knights
59%
CLias AnderssonHV71NY Rangers
55%
DCallan FooteKelowna RocketsTampa Bay Lightning
46%
RWOwen TippettMississauga SteelheadsFlorida Panthers
44%
CGabriel VilardiWindsor SpitfiresLA Kings
41%
RWMartin NecasHC Kometa BrnoCarolina Hurricanes
41%
DTimothy LiljegrenRogle BKToronto Maple Leafs
40%
DErik BrannstromHV71Vegas Golden Knights
39%
RWKailer YamamotoSpokane ChiefsEdmonton Oilers
38%
CMichael RasmussenTri-City AmericansDetroit Red Wings
37%
CRobert ThomasLondon KnightsSt Louis Blues
37%
GJake OettingerBoston UniversityDallas Stars
35%
CFilip ChytilPSG ZlinNY Rangers
33%
CRyan PoehlingSt Cloud StateMontreal Canadiens
31%
RWEeli TolvanenSioux City MusketeersNashville Predators
30%
DJuuso ValimakiTri-City AmericansCalgary Flames
30%
CMorgan FrostSault Ste Marie GreyhoundsPhiladelphia Flyers
29%
C/LWKlim KostinDynamo MoscowSt Louis Blues
28%
CJosh NorrisUS NTDPSJ Sharks
25%
RWKristian VesalainenFrolunda HCWinnipeg Jets
25%
DUrho VaakanainenJYPBoston Bruins
22%
DPierre-Olivier JosephCharlottetown IslandersArizona Coyotes
21%
CCasey MiddlestadtGreen Bay GamblersBuffalo Sabres
20%
DHenri JokiharjuPortland WinterhawksChicago Blackhawks
20%
CShane BowersWaterloo Black HawksOttawa Senators
13%

Score Distribution

Percentile by Number Answered

Percent of People with Each Score

Your Score History

You have not taken this quiz